000 00337nam a2200157Ia 4500
005 20250423100020.0
008 250422s9999 xx 000 0 und d
020 _a0-672-31372-3
100 _aParker Tim
245 0 _aLinux
260 _bSams Publishing
260 _c1998
300 _a1114 p
650 _aSoft Ware
942 _cBK
999 _c32027
_d32027